| 000 | 00676nam a2200229 a 4500 | ||
|---|---|---|---|
| 001 | 4928481 | ||
| 005 | 20180226042725.0 | ||
| 008 | 981214s1996 mnua b 001 0 eng | ||
| 010 | _a 95077062 | ||
| 020 | _a0785400427 | ||
| 040 |
_aDLC _cDLC |
||
| 041 | _aeng | ||
| 043 | _an-us--- | ||
| 080 | _a37 lin | ||
| 100 | 1 | _a25 | |
| 101 | _aedu | ||
| 245 | 1 | 0 |
_aCooperative discipline / _cLinda Albert ; [contributing authors, Pete DeSisto ... et al.]. |
| 504 | _aIncludes bibliographical references (p. 165-166) and index. | ||
| 906 |
_a7 _bcbc _corignew _d2 _eopcn _f19 _gy-gencatlg |
||
| 942 |
_2ddc _cBK |
||
| 999 |
_c43420 _d43420 |
||